|
|
|
|
| LEADER |
01189nam a2200253 a 4500 |
| 001 |
33417 |
| 003 |
BD-DhAAL |
| 005 |
20250623160431.0 |
| 008 |
180717s2000 bg 000 0 ben d |
| 020 |
|
|
|a 9844101743
|
| 040 |
|
|
|a BD-DhAAL
|c BD-DhAAL
|d BD-DhAAL
|
| 082 |
0 |
0 |
|a 338.95492
|2 22
|
| 100 |
1 |
|
|a ইউনূস,মুহাম্মদ.
|9 27494
|
| 245 |
1 |
0 |
|a বাংলাদেশ ২০১০ /
|c মুহাম্মদ ইউনূস.
|
| 246 |
|
|
|a Bangladesh 2010 :
|b ( A collection of eassys )
|
| 260 |
|
|
|a ঢাকা :
|b মাওলা ব্রাদার্স,
|c ২০০০.
|
| 300 |
|
|
|a ৭৮ পৃষ্ঠা ;
|c ২৩ সে.মি.
|
| 526 |
|
|
|a ARC
|
| 541 |
1 |
|
|e 33417
|a Department of Architecture
|
| 650 |
|
0 |
|a Bangladesh
|x Economic policy.
|9 27495
|
| 852 |
1 |
|
|a Department of Architecture
|j General stacks
|
| 942 |
|
|
|2 ddc
|c BK
|
| 999 |
|
|
|c 39823
|d 39823
|
| 952 |
|
|
|0 0
|1 1
|2 ddc
|4 0
|6 338_954920000000000_YUN
|7 0
|9 63858
|a ARC
|b ARC
|c GEN
|d 2018-07-17
|e Department of Architecture
|l 0
|o 338.95492 YUN
|p 3010033417
|r 2018-07-17
|t 1
|w 2018-07-17
|y BK
|x lost from the ARC department library and approved by the Dean (reasons personal books withdrawn by Hasibul Kabir Sir and Building shifting)
|